[Event "GER-ch Youth U14 2020"]
[Site "Willingen"]
[Date "2020.10.21"]
[Round "2.9"]
[White "Bui, Bao Anh Le"]
[Black "Lerchl, Clemens"]
[Result "1-0"]
[WhiteElo "2149"]
[BlackElo "1699"]
[Annotator "TA"]
[PlyCount "83"]
[EventDate "2020.10.20"]
[EventType "swiss"]
[EventRounds "7"]
[EventCountry "GER"]
[SourceTitle "playchess.com"]
[Source "ChessBase"]
[SourceQuality "1"]

{[%evp 9,83,14,16,0,3,3,46,83,77,49,38,47,58,46,37,45,96,96,93,95,94,94,99,84,99,93,106,98,88,98,109,100,115,112,130,122,120,120,139,121,231,248,279,261,326,112,94,105,112,110,113,106,116,131,227,87,193,185,210,0,0,0,0,0,203,197,206,147,126,133,29988,29989,29990,29991,29991,29992]} 1. e4 c5 2. Nf3 d6 3. d4 Nf6 4. dxc5 Nxe4 5. cxd6 Nc6 6. dxe7 {B53: Sicilian: 2...d6: Lines with Qxd4.} (6. Bd3 {looks sharper.} Nxd6 7. O-O g6 8. c3 Bg7 9. Nbd2) 6... Qxd1+ $1 ({Much weaker is} 6... Qxe7 7. Be2 $16) 7. Kxd1 Nxf2+ (7... Bxe7 $5 {[%cal Re4f2]} 8. Be3 O-O $11) 8. Ke1 {White is slightly better.} Nxh1 9. exf8=Q+ Rxf8 10. Bd3 Bg4 {[#]} 11. Bd2 $146 ({Predecessor:} 11. Be3 O-O-O 12. Nc3 f5 13. Kf1 Rfe8 14. Bg5 Rd7 15. Kg1 Bxf3 16. gxf3 Ne5 17. Kxh1 Nxd3 18. cxd3 Rxd3 {½-½ (49) Sebag,M (2480)-Hou,Y (2661) Tromsoe 2014}) 11... O-O-O {...Bxf3 is the strong threat.} 12. Bc3 Rfe8+ (12... Bh5 $14) 13. Kf1 $16 Bxf3 14. gxf3 Ne5 15. Bxe5 Rxe5 16. Nc3 Rh5 17. Kg2 Nf2 {[%mdl 64] Decoy} 18. Kxf2 Rxh2+ 19. Kg3 Rh5 20. Re1 a6 21. f4 Rc5 22. Kf3 ({Much less strong is} 22. Bxh7 g6 $14) 22... g6 23. Ne4 Ra5 24. a3 h5 (24... h6 $16 {might work better.} 25. Nf6 Rc5) 25. Ng5 $1 $18 Rd7 26. Re8+ Rd8 27. Re5 $2 (27. Rxd8+ $18 {and White stays clearly on top.} Kxd8 28. Nxf7+ Ke7 29. Ng5 (29. Bxg6 Kf6 $16)) 27... Rxe5 $16 28. fxe5 Rf8 29. Bc4 Kd7 30. Bxf7 Ke7 {[#]} 31. e6 $1 Rd8 {[#]} (31... Rc8 $16) 32. Ne4 (32. Nh3 $1 $18 {and the rest is easy.}) 32... Rd4 (32... h4 $16) 33. Ke3 Rd8 34. Nc3 $2 (34. Bxg6 $18 h4 35. Bf5) 34... h4 $1 $11 35. Kf3 g5 36. Ne4 Rd4 $2 (36... h3 $11) 37. Nxg5 $18 Rd2 38. Nh3 Rxc2 39. Nf4 {And now Nd5+ would win.} Rxb2 $2 {[%mdl 8192]} (39... Kd6 $16) 40. Nd5+ {White mates.} Kf8 41. Bh5 Rb3+ 42. Ke4 {Av CentiPawn Loss W=-18/B=-51. Weighted=-24/-55} 1-0

[Event "GER-ch Youth U14 2020"]
[Site "Willingen"]
[Date "2020.10.21"]
[Round "2.10"]
[White "Kort, Felix"]
[Black "Foerster-Yialamas, Lucas"]
[Result "1-0"]
[WhiteElo "1823"]
[BlackElo "2033"]
[Annotator "TA"]
[PlyCount "95"]
[EventDate "2020.10.20"]
[EventType "swiss"]
[EventRounds "7"]
[EventCountry "GER"]
[SourceTitle "playchess.com"]
[Source "ChessBase"]
[SourceQuality "1"]

{[%evp 16,94,14,37,30,-15,0,-67,0,0,0,0,14,0,0,-14,240,221,211,193,261,250,239,140,134,57,152,-67,-54,-42,158,154,137,43,114,130,207,136,319,301,419,179,235,134,437,401,384,254,343,367,363,334,290,284,402,232,526,230,220,220,1151,979,6032,6025,29965,6032,5712,5945,29959,29940,29974,29975,29975,29976,29982,29983,29995,29996,29998,29999,29999]} 1. d4 Nf6 2. c4 g6 3. f3 d5 4. cxd5 Nxd5 5. e4 Nb6 6. Nc3 Bg7 7. Be3 O-O 8. Qd2 e5 9. d5 c6 {D70: Grünfeld: Unusual White 3rd moves (met by ...d5).} 10. d6 Re8 11. O-O-O {[#]} ({Better is} 11. Rd1 $11) 11... Be6 $146 (11... Re6 $1 $15) ({Predecessor:} 11... N8d7 12. h4 Nf8 13. h5 Be6 14. g4 Qd7 15. hxg6 fxg6 16. Nh3 Nc4 17. Bxc4 Bxc4 {0-1 (34) Hochman,E (2010)-Kobo,O (2308) Jerusalem 2014}) 12. h4 $11 N8d7 13. Bh6 Nc5 14. Bxg7 Kxg7 15. h5 {Strongly threatening hxg6.} Qd7 $2 {[%mdl 8192]} (15... g5 $11 {and Black is okay.}) 16. hxg6 fxg6 17. Qe3 Nca4 (17... Na6 $142 18. Bxa6 bxa6) 18. Nxa4 $18 Nxa4 19. b3 (19. f4 $1 $18) 19... Nb6 $16 20. Be2 (20. g3 $16) 20... Kg8 (20... Rad8 $14) 21. f4 $2 ({White should play} 21. Nh3 $1 $16 {[%cal Rh3g5]} Bxh3 22. Rxh3) 21... exf4 $15 22. Qxf4 c5 $2 (22... Qg7 $1 $15 {stays ahead.} 23. Kb1 Nd5 24. exd5 Bf5+ 25. Bd3 Bxd3+ 26. Rxd3 Re1+ 27. Kc2 Qa1 28. dxc6 Rf8 29. Qc4+ (29. Qh6 Rf2+ 30. Ne2 Rexe2+ 31. Qd2 Rxd2+ 32. Rxd2 Qxa2+ 33. Kd3 Qxd2+ 34. Ke4 Rf4+ 35. Ke5 Qe3+ {[%mdl 64] Double Attack} 36. Kd5 Qe4+ {[%mdl 64] Double Attack} 37. Kc5 Qxc6#) 29... Rf7) 23. Nf3 $1 $36 {[%mdl 2048] White is in control.} c4 24. Kb2 ({Much weaker is} 24. Ne5 $6 Qg7 $11) (24. Ng5 $1 $16 {[%cal Rg5h7]} cxb3 25. Nxh7 Qc8+ 26. Kd2 Qc2+ 27. Ke1 Qc3+ 28. Rd2 (28. Kf1 $2 Rf8 $19 {[%mdl 64] Promotion})) 24... Qg7+ (24... cxb3 $14 25. axb3 Bxb3) 25. e5 c3+ (25... Rac8 $16) 26. Kc2 Nd5 $2 (26... Rac8 $16) 27. Qd4 $18 a5 28. a3 (28. Bc4 $142 Nb4+ 29. Kxc3) 28... Qf7 {[#]} (28... a4 $142 29. bxa4 Qf7) 29. Bd3 (29. Bc4 $1 $18 {[%cal Rc4d5]} Qf5+ 30. Kc1) 29... Qf4 $2 {[%mdl 8192]} (29... a4 $16 30. bxa4 Bg4 31. Rxh7 Qxh7 32. Qxd5+ Kh8) 30. Qxf4 Nxf4 31. Nd4 Nxg2 32. Nxe6 ({Don't take} 32. Kxc3 Bg4 $18) 32... Rxe6 33. Rhe1 (33. Kxc3 Rxe5 34. Bc4+ Kg7 $16) 33... Nxe1+ 34. Rxe1 {[%mdl 4096] Endgame Hoping for Bc4. KRR-KRB} Ree8 (34... Kg7 $142 35. Bc4 Ree8) 35. Bb5 (35. e6 $142) 35... Kf7 $2 {[#]} (35... Red8 {was worth a try.} 36. Rd1 (36. Kxc3 Rac8+ 37. Kb2 Rb8 $16) 36... a4) 36. Bc4+ (36. e6+ $142 $1 {[%mdl 512]} Rxe6 37. Bc4 {[%mdl 64] Pin}) 36... Kg7 37. e6 {[%mdl 1024] Bb5 is the strong threat. White has strong compensation.} b6 $2 (37... Red8) 38. e7 Kf6 39. Bb5 Kf7 40. Rf1+ (40. Bxe8+ $142 Kxe8 41. Kxc3 Kd7 42. Kd4 Rg8 43. Ke5 Rc8 44. Rf1 Rc5+ 45. Ke4) 40... Ke6 41. Bxe8 Rxe8 {KR-KR} 42. Rf8 {White mates.} Kd7 43. Kxc3 h5 44. Kd4 h4 45. Ke5 h3 46. Rxe8 {[%mdl 64] Overworked Piece} Kxe8 47. Ke6 {[%csl Ge6][%cal Rd6d7]} h2 48. d7# {Av CentiPawn Loss W=2/B=-147. Weighted=-69/-139} 1-0

[Event "GER-ch Youth U14 2020"]
[Site "Willingen"]
[Date "2020.10.21"]
[Round "2.11"]
[White "Pfeffer, Samuel"]
[Black "Pikalow, Michael"]
[Result "0-1"]
[WhiteElo "1427"]
[BlackElo "2021"]
[Annotator "TA"]
[PlyCount "62"]
[EventDate "2020.10.20"]
[EventType "swiss"]
[EventRounds "7"]
[EventCountry "GER"]
[SourceTitle "playchess.com"]
[Source "ChessBase"]
[SourceQuality "1"]

{[%evp 10,62,48,-6,53,10,11,8,46,-8,40,45,34,0,14,-50,-37,-68,-67,-107,-77,-78,0,0,22,27,76,50,212,54,37,-95,-80,-152,-143,-425,0,-427,-447,-2400,-2451,-2451,-2420,-2400,-2324,-2122,-804,-747,-577,-1346,-1283,-1405,-1066,-29996,-29997]} 1. d4 Nf6 2. c4 c5 3. e3 e6 4. Nf3 Be7 5. Nc3 O-O 6. Be2 (6. d5 $14 d6 7. e4) 6... a6 {A34: Symmetrical English: 2 Nc3, lines with ...d5.} (6... cxd4 $11 7. exd4 d5) 7. e4 cxd4 8. Nxd4 d6 {[#] The position is equal.} 9. g4 $146 (9. O-O $14) ({Predecessor:} 9. Be3 Nbd7 10. f4 Qc7 11. O-O b6 12. f5 Ne5 13. fxe6 fxe6 14. Qb3 Rb8 15. Rf4 {0-1 (43) Alvarez Fernandez,E (2165)-Alcazar Jimenez,V Oropesa del Mar 1999}) 9... Ne8 10. Be3 Nc6 11. Qd2 Bd7 12. O-O-O ({White should play} 12. Nc2 $11) 12... Nxd4 13. Bxd4 b5 $1 {[%cal Bb7b5,Bb5b4][%mdl 32]} 14. Rdg1 b4 15. Nd1 Qa5 (15... Bc6 $17) 16. Kb1 $11 Bc6 17. f3 Nc7 18. h4 $1 d5 $2 (18... Rfd8 $14) 19. cxd5 $2 (19. exd5 $18 exd5 20. Ne3) 19... exd5 $14 {Threatens to win with ...Ne6.} 20. e5 (20. Ne3 $14 {keeps the upper hand.} Ne6 21. Nf5 (21. Nxd5 Bxd5 22. exd5 Nxd4 $15)) 20... Ne6 $36 {[%mdl 2048] Black is really pushing.} 21. Ne3 (21. Re1 $142) 21... Nxd4 22. Qxd4 $4 {[%mdl 8192] [#]} (22. Nf5 $17 Nxf5 23. gxf5) 22... Bc5 $2 ({Better is} 22... b3 $1 $19 {[%mdl 512]} 23. axb3 Bc5) 23. Qf4 $2 {[%mdl 8192] [#]} (23. Qd2 $1 $11 {and White has nothing to worry.}) 23... b3 $1 $19 {[%mdl 512]} 24. Nf5 (24. axb3 $142 Rab8 25. Rc1 Rxb3 26. Nd1) 24... Qxa2+ 25. Kc1 Qa1+ 26. Kd2 Qxb2+ 27. Ke1 Qc3+ (27... Bb5 $142 28. Ne7+ {[#]} Kh8 $1 {[%mdl 512]}) 28. Kf1 Bb5 29. Nxg7 Bxe2+ 30. Kxe2 Qc2+ 31. Ke1 b2 {Av CentiPawn Loss W=-158/B=-98. Weighted=-223/-127} 0-1

[Event "GER-ch Youth U14 2020"]
[Site "Willingen"]
[Date "2020.10.21"]
[Round "2.12"]
[White "Ermitsch, Magnus"]
[Black "Stork, Christopher"]
[Result "1/2-1/2"]
[WhiteElo "2049"]
[BlackElo "1869"]
[Annotator "RC"]
[PlyCount "90"]
[EventDate "2020.10.20"]
[EventType "swiss"]
[EventRounds "7"]
[EventCountry "GER"]
[SourceTitle "playchess.com"]
[Source "ChessBase"]
[SourceQuality "1"]
[TimeControl "40/5400+30:1800+30"]

1. e4 {[%emt 0:00:00]} c5 {[%emt 0:00:00]} 2. Nf3 {[%emt 0:00:31]} a6 {[%emt 0:00:00]} 3. c4 {[%emt 0:02:35]} Nc6 {[%emt 0:00:57]} 4. d4 {[%emt 0:02:22]} cxd4 {[%emt 0:00:14]} 5. Nxd4 {[%emt 0:00:42]} Nf6 {[%emt 0:00:50]} 6. Nc3 {[%emt 0:01:30]} e5 {[%emt 0:03:10]} 7. Nc2 {[%emt 0:02:17]} Be7 {[%emt 0:08:41]} 8. Be3 {[%emt 0:02:34]} O-O {[%emt 0:01:59]} 9. Be2 {[%emt 0:01:51]} d6 {[%emt 0:01:54]} 10. O-O {[%emt 0:01:01]} Be6 {[%emt 0:03:31]} 11. b3 {[%emt 0:02:20]} Rc8 {[%emt 0:02:43]} 12. f3 {[%emt 0:04:38]} Ne8 {[%emt 0:07:49]} 13. Qd2 {[%emt 0:10:11]} f5 {[%emt 0:08:17]} 14. exf5 {[%emt 0:03:15]} Bxf5 {[%emt 0:02:02]} 15. Nd5 {[%emt 0:03:53]} Nf6 {[%emt 0:02:34]} 16. Bd3 {[%emt 0:05:56]} Nxd5 {[%emt 0:06:02]} 17. Bxf5 {[%emt 0:02:01]} Rxf5 {[%emt 0:00:47]} 18. Qxd5+ {[%emt 0:00:51]} Kh8 {[%emt 0:02:12]} 19. Rad1 {[%emt 0:02:31]} Qg8 {[%emt 0:05:44]} 20. Qxg8+ {[%emt 0:10:47]} Kxg8 {[%emt 0:00:51]} 21. Bb6 {[%emt 0:02:57]} Rf6 {[%emt 0:03:26]} 22. Ne3 {[%emt 0:01:56]} Bf8 {[%emt 0:01:25]} 23. Nd5 {[%emt 0:01:02]} Rg6 {[%emt 0:01:09]} 24. f4 {[%emt 0:02:43]} exf4 {[%emt 0:05:09]} 25. Rxf4 {[%emt 0:00:56]} Be7 {[%emt 0:09:13]} 26. Rdf1 {[%emt 0:07:56]} Bg5 {[%emt 0:02:41]} 27. Re4 {[%emt 0:03:54]} Rf8 {[%emt 0:03:56]} 28. Bc7 {[%emt 0:05:10]} Rxf1+ {[%emt 0:01:42]} 29. Kxf1 {[%emt 0:00:02]} Kf7 {[%emt 0:00:20]} 30. h4 {[%emt 0:03:54]} Be7 {[%emt 0:03:15]} 31. Bb6 {[%emt 0:05:16]} Ne5 {[%emt 0:01:30]} 32. Bd4 {[%emt 0:00:53]} Bf6 {[%emt 0:02:41]} 33. c5 {[%emt 0:05:23]} Rg4 {[%emt 0:02:23]} 34. Nxf6 {[%emt 0:01:15]} gxf6 {[%emt 0:00:07]} 35. Rxg4 {[%emt 0:00:12]} Nxg4 {[%emt 0:00:06]} 36. cxd6 {[%emt 0:00:06]} Ke6 {[%emt 0:00:38]} 37. Bc5 {[%emt 0:00:38]} Ne5 {[%emt 0:02:45]} 38. Ke2 {[%emt 0:00:39]} Nf7 {[%emt 0:01:22]} 39. Kf3 {[%emt 0:00:47]} Ne5+ {[%emt 0:02:57]} 40. Ke4 {[%emt 0:02:02]} f5+ {[%emt 0:00:47]} 41. Ke3 {[%emt 0:06:16]} h5 {[%emt 0:04:35]} 42. b4 {[%emt 0:04:56]} Ng6 {[%emt 0:02:31]} 43. g3 {[%emt 0:01:04]} Kd7 {[%emt 0:01:55]} 44. a4 {[%emt 0:04:00]} b5 {[%emt 0:05:18]} 45. a5 {[%emt 0:02:33]} Ke6 {[%emt 0:00:48]} 1/2-1/2

[Event "GER-ch Youth U14 2020"]
[Site "Willingen"]
[Date "2020.10.21"]
[Round "2.13"]
[White "Brunner, Alexander"]
[Black "Hagner, Bennet"]
[Result "0-1"]
[WhiteElo "1692"]
[BlackElo "2080"]
[Annotator "TA"]
[PlyCount "66"]
[EventDate "2020.10.20"]
[EventType "swiss"]
[EventRounds "7"]
[EventCountry "GER"]
[SourceTitle "playchess.com"]
[Source "ChessBase"]
[SourceQuality "1"]

{[%evp 21,66,15,18,0,1,0,0,0,13,19,7,22,17,16,31,33,314,316,294,316,291,8,8,7,12,-13,0,-25,-16,-35,-28,-93,-89,-93,-93,-86,-84,-91,-98,-88,-64,-80,-39,-562,-582,-556,-547]} 1. d4 d5 2. c4 c6 3. Nf3 Nf6 4. Nc3 e6 5. e3 Nbd7 6. Qc2 Bd6 7. Bd3 dxc4 8. Bxc4 b5 9. Be2 O-O 10. O-O Bb7 11. e4 e5 12. dxe5 {D46: Semi-Slav: 5 e3 Nbd7 6 Bd3, Black avoids the Meran.} Nxe5 13. Nd4 {13.Nh4 gains popularity.} Neg4 14. g3 {The position is equal.} Bxg3 15. hxg3 Qxd4 16. Qd1 Qxd1 17. Rxd1 Rad8 18. Bf4 {[#] Threatens to win with Rxd8.} Rfe8 $146 {[%mdl 8192] [#]} (18... Rxd1+ $1 $14 19. Rxd1 Re8) ({Predecessor:} 18... Rxd1+ 19. Rxd1 Re8 20. f3 Ne5 21. Be3 a6 22. b3 h5 23. f4 Neg4 24. Bc5 Bc8 25. e5 Nd7 26. Ba7 Nf8 27. Bf3 Be6 28. Bxc6 Rc8 29. Nd5 Ng6 30. Bb7 {½-½ (30) Khairullin,I (2629)-Zoler,D (2527) Jerusalem 2015}) 19. Rxd8 $1 $18 Rxd8 20. e5 b4 21. Na4 $2 (21. exf6 $18 Nxf6 22. Na4) 21... Re8 $11 22. e6 fxe6 23. Nc5 Bc8 24. Bc4 Nd5 25. Bd2 Ne5 26. Bxd5 (26. Be2 $11 {keeps the balance.}) 26... exd5 $17 27. Bxb4 Bh3 {aiming for ...Nf3+.} 28. f4 Nf3+ 29. Kf2 {[#]} Bg4 $1 30. Nd3 Re4 31. Rc1 Nd4 32. Ne5 $2 {[%mdl 8192]} (32. Re1 $1 $15) 32... Re2+ $19 {[%mdl 64] Double Attack} 33. Kg1 {[#]} Rxe5 $1 {[%mdl 576] Clearance. Never resign too early! Av CentiPawn Loss W=-42/B=-15. Weighted=-81/-19} 0-1

[Event "GER-ch Youth U14 2020"]
[Site "Willingen"]
[Date "2020.10.21"]
[Round "2.15"]
[White "Chassard, Cedric"]
[Black "Weidenhöfer, Max"]
[Result "1-0"]
[WhiteElo "1916"]
[BlackElo "1897"]
[Annotator "TA"]
[PlyCount "65"]
[EventDate "2020.10.20"]
[EventType "swiss"]
[EventRounds "7"]
[EventCountry "GER"]
[SourceTitle "playchess.com"]
[Source "ChessBase"]
[SourceQuality "1"]

{[%evp 13,65,50,63,46,87,89,92,85,88,39,102,73,51,-167,-168,-160,-166,-249,-176,-173,-166,-161,-131,-116,-19,-118,118,101,207,220,205,166,350,344,310,314,395,393,446,447,467,485,449,398,358,300,389,366,345,316,299,283,372,319]} 1. e4 c6 2. d4 d5 3. e5 Bf5 4. Nf3 e6 5. Be2 Nd7 6. O-O c5 7. c4 $1 {7.c4 scores better than 7.c3.} dxc4 8. Na3 {B12: Caro-Kann: Advance Variation.} Ne7 9. Nxc4 {[%cal Rc4d6]} Nc6 10. Be3 {White is better.} Be7 {[#]} 11. Qb3 $146 ({Predecessor:} 11. dxc5 O-O 12. Nd6 Ndxe5 13. Nxf5 exf5 14. Nxe5 Nxe5 15. b4 Qc7 16. Qb3 Ng4 17. Bxg4 fxg4 {1-0 (35) Oresky,J (2201)-Gregor,J (2207) Czech Republic 2018}) 11... Rb8 (11... O-O $14) 12. Rad1 b5 13. Ncd2 $2 (13. Nd6+ $14 {was forced to keep a grip.} Bxd6 14. exd6) 13... c4 $36 {[%mdl 2048] Black is on the roll.} 14. Qc3 Nb4 15. Ra1 (15. Nb1 $142) 15... Nb6 16. Ne1 {[#]} Nc2 $1 {[%mdl 512] Strongly threatening ...Na4.} 17. Nxc4 (17. Nxc2 $2 Na4 $19) 17... Nxa1 18. Nxb6 Rxb6 (18... Qxb6 $6 19. d5 $1 $11 {[%mdl 512]}) (18... axb6 $17 19. Qc1 Qd5 20. Qxa1 Ra8) 19. d5 {[#]} (19. Nd3 $11 {remains equal.}) 19... Rb8 $2 (19... Qxd5 20. Bxb6 axb6 21. Qc8+ Qd8 22. Bxb5+ Kf8 23. Qc4 $15) (19... b4 $1 $17 {[%cal Rb4c3]} 20. Qc1 Qxd5) 20. d6 $16 Bxd6 (20... b4 $16 {is a better defense.} 21. Qc1 (21. dxe7 bxc3 22. exd8=Q+ Kxd8 $15) 21... Bh4) 21. exd6 $18 O-O 22. b4 ({Much less strong is} 22. Bxa7 $6 b4 $14) 22... Nc2 $2 (22... Qxd6 23. Bc5 (23. Qxa1 Qxb4 24. Nf3 a6 $16) 23... Qc7 24. Qxa1 Rfd8) 23. Nxc2 Rc8 24. Bc5 Qxd6 25. Qe3 Qa6 26. Bxf8 Rxc2 27. Bc5 Rxa2 28. Qf3 {White wants to mate with Qa8+.} h6 29. Bd3 Ra3 30. Qa8+ Kh7 31. Bxf5+ exf5 32. Qe8 Ra1 33. Qe5 {Av CentiPawn Loss W=-27/B=-39. Weighted=-32/-62} 1-0

[Event "GER-ch Youth U14 2020"]
[Site "Willingen"]
[Date "2020.10.21"]
[Round "2.16"]
[White "Spriestersbach, Kai"]
[Black "Niemann, Leon"]
[Result "1/2-1/2"]
[WhiteElo "1863"]
[BlackElo "1880"]
[Annotator "NA RC"]
[PlyCount "58"]
[EventDate "2020.10.20"]
[EventType "swiss"]
[EventRounds "7"]
[EventCountry "GER"]
[SourceTitle "playchess.com"]
[Source "ChessBase"]
[SourceQuality "1"]
[TimeControl "40/5400+30:1800+30"]

{[%evp 12,53,36,22,36,19,28,35,40,36,43,28,26,30,45,11,21,2,0,5,0,0,0,0,13,4,68,64,56,70,91,32767,101,83,100,58,91,98,111,79,32767,70,129,0]} 1. e4 {[%emt 0:00:00]} c5 {[%emt 0:00:00]} 2. Nf3 {[%emt 0:00:00]} Nc6 {[%emt 0:00:00]} 3. d4 {[%emt 0:00:00]} cxd4 {[%emt 0:00:00]} 4. Nxd4 {[%emt 0:00:00]} Nf6 {[%emt 0:00:00]} 5. Nc3 {[%emt 0:00:00]} e6 {[%emt 0:00:00]} 6. Ndb5 {[%emt 0:00:28]} Bb4 {[%emt 0:00:03]} 7. a3 {[%emt 0:00:44]} Bxc3+ $1 {[%emt 0:00:08]} 8. Nxc3 {[%emt 0:00:07]} d5 {[%emt 0:00:14]} 9. exd5 {[%emt 0:03:55]} exd5 {[%emt 0:00:07]} 10. Bd3 {[%emt 0:03:59]} O-O {[%emt 0:00:11]} 11. O-O {[%emt 0:00:11]} d4 {[%emt 0:00:06]} 12. Ne2 {[%emt 0:01:01]} Bg4 {[%emt 0:00:43]} 13. h3 {[%emt 0:03:14] B45: Sicilian Four Knights.} Bh5 {[%emt 0:04:05]} 14. Bf4 {[%emt 0:12:41]} Re8 {[%emt 0:14:22]} 15. Re1 {[%emt 0:02:09]} Qb6 {[%emt 0:10:29] [#]} 16. Rb1 $146 {[%emt 0:13:23]} ({Predecessor:} 16. b4 a5 17. b5 Ne5 18. Bxe5 Rxe5 19. Qd2 Rae8 20. Ng3 Rxe1+ 21. Rxe1 Bg6 22. Rxe8+ Nxe8 {1-0 (41) Corrales Jimenez,F (2496)-Iturrizaga Bonelli,E (2309) Havana 2006}) 16... Rad8 {[%emt 0:23:07]} 17. Qd2 {[%emt 0:27:09]} Bg6 {[%emt 0:17:01]} 18. Bg5 {[%emt 0:07:24]} Bxd3 {[%emt 0:04:10]} (18... Ne5 $11) 19. Bxf6 {[%emt 0:00:20]} gxf6 {[%emt 0:08:31]} 20. cxd3 {[%emt 0:00:27]} Kh8 {[%emt 0:01:08]} 21. Ng3 {[%emt 0:01:03]} Rg8 {[%emt 0:01:47]} 22. Re4 {[%emt 0:05:33]} Ne5 {[%emt 0:02:06]} 23. Kh2 {[%emt 0:01:42]} Rg6 {[%emt 0:06:03]} 24. Qe2 {[%emt 0:05:51]} Rdg8 {[%emt 0:01:00]} 25. Rg1 {[%emt 0:00:59]} Qd6 {[%emt 0:02:28]} 26. Kh1 {[%emt 0:01:12]} Qd7 {[%emt 0:01:01]} 27. Kh2 $11 {[%emt 0:02:31]} (27. Rh4 $16) 27... Qd6 {[%emt 0:00:42]} 28. Kh1 {[%emt 0:00:05]} Qd7 {[%emt 0:00:08]} 29. Kh2 {[%emt 0:00:06]} Qd6 {[%emt 0:00:04]} 1/2-1/2

[Event "GER-ch Youth U14 2020"]
[Site "Willingen"]
[Date "2020.10.21"]
[Round "2.17"]
[White "Huo, Da"]
[Black "Tovmasyan, Minas"]
[Result "1/2-1/2"]
[WhiteElo "1868"]
[BlackElo "1658"]
[Annotator "NA RC"]
[PlyCount "84"]
[EventDate "2020.10.20"]
[EventType "swiss"]
[EventRounds "7"]
[EventCountry "GER"]
[SourceTitle "playchess.com"]
[Source "ChessBase"]
[SourceQuality "1"]
[TimeControl "40/5400+30:1800+30"]

{[%evp 15,84,50,54,65,32767,63,70,61,73,66,60,69,79,52,91,11,42,32767,32767,35,32767,32767,32767,32767,32767,32767,79,0,67,0,61,37,33,52,38,56,58,32767,26,0,68,17,28,43,36,41,41,27,27,44,56,56,60,61,69,30,37,47,38,32767,32767,32767,38,36,59,2,0,8,0,0,6]} 1. e4 {[%emt 0:00:00]} c5 {[%emt 0:00:00]} 2. Nf3 {[%emt 0:00:00]} e6 {[%emt 0:00:08]} 3. d4 {[%emt 0:01:13]} cxd4 {[%emt 0:00:08]} 4. Nxd4 {[%emt 0:00:03]} a6 {[%emt 0:00:47]} 5. c4 {[%emt 0:00:24]} Qc7 {[%emt 0:00:47]} 6. Nc3 {[%emt 0:00:44]} Nf6 {[%emt 0:00:47]} 7. Be2 {[%emt 0:01:44]} d6 {[%emt 0:02:16]} 8. O-O {[%emt 0:00:42]} b6 {[%emt 0:02:31]} 9. Be3 {[%emt 0:00:33]} Bb7 {[%emt 0:01:39]} 10. f3 {[%emt 0:02:35]} Be7 {[%emt 0:02:28]} 11. Rc1 {[%emt 0:04:59]} Nbd7 {[%emt 0:01:58]} 12. Qe1 {[%emt 0:05:57]} O-O {[%emt 0:10:21]} 13. Qf2 {[%emt 0:03:18]} Rac8 {[%emt 0:07:51] A31: Symmetrical English: 2 Nf3 Nf6 3 d4.} 14. Rfd1 {[%emt 0:03:59]} Qb8 {[%emt 0:13:20]} 15. Nc2 {[%emt 0:05:27]} (15. g4 $16) 15... Bd8 {[%emt 0:10:49]} 16. Rd2 {[%emt 0:18:15]} Bc7 {[%emt 0:11:40]} 17. g3 {[%emt 0:11:45]} Rfd8 {[%emt 0:14:38]} 18. Rcd1 {[%emt 0:05:48] [#]} h6 $1 $146 {[%emt 0:05:01]} ({Predecessor:} 18... Bc6 19. Nb4 Qb7 20. Bf1 Ne5 21. a3 Be8 22. h3 b5 23. cxb5 Bxb5 24. Nxb5 axb5 {1-0 (44) Jamrich,G (2322)-Nemeth,D (2108) Zalakaros 2010}) 19. Nb4 {[%emt 0:03:02]} Nc5 20. Nd3 Bc6 {[%emt 0:03:55]} 21. Nb4 {[%emt 0:08:20]} Bb7 22. Nc2 {[%emt 0:03:34]} ({White should play} 22. Qg2 $14) 22... Bc6 {[%emt 0:02:41]} 23. b4 {[%emt 0:04:12]} (23. Nd4 $16 Bd7 24. g4) 23... Na4 {[%emt 0:00:53]} 24. Nd4 {[%emt 0:09:09]} Be8 {[%emt 0:01:29]} 25. Nxa4 {[%emt 0:01:43]} Bxa4 {[%emt 0:00:01]} 26. Rb1 {[%emt 0:00:14]} Bd7 {[%emt 0:02:38]} 27. b5 {[%emt 0:00:48]} a5 {[%emt 0:01:15]} ({Black should try} 27... axb5 $11 28. Nxb5 Bxb5 29. Rxb5 Nd7) 28. Nc6 {[%emt 0:00:16]} Bxc6 $1 {[%emt 0:00:15]} 29. bxc6 {[%emt 0:00:06]} Qa8 {[%emt 0:00:47]} 30. Bxb6 {[%emt 0:02:13]} Qxc6 {[%emt 0:00:10]} 31. Rb5 {[%emt 0:02:26]} a4 {[%emt 0:03:28]} 32. Bxc7 {[%emt 0:01:58]} Qxc7 {[%emt 0:00:01]} 33. Qb6 {[%emt 0:01:02]} Qxb6+ {[%emt 0:01:01]} 34. Rxb6 {[%emt 0:00:11]} d5 {[%emt 0:00:20]} 35. cxd5 {[%emt 0:00:37]} exd5 {[%emt 0:00:34]} 36. e5 {[%emt 0:00:15]} Nd7 {[%emt 0:00:29]} 37. Rd6 {[%emt 0:02:35]} Nxe5 {[%emt 0:00:17]} 38. R6xd5 {[%emt 0:00:10]} Rxd5 {[%emt 0:00:41]} 39. Rxd5 {[%emt 0:00:02]} Ng6 {[%emt 0:00:53]} 40. Ra5 {[%emt 0:00:14]} (40. Bd1 $14) 40... Rc2 {[%emt 0:00:29]} 41. Ra8+ {[%emt 0:32:59]} Nf8 {[%emt 0:09:18]} 42. Bb5 {[%emt 0:00:00]} Rxa2 $11 {[%emt 0:03:27]} 1/2-1/2